Introduction to parallel and vector solution of linear systems (Record no. 2101)
[ view plain ]
| 000 -LEADER | |
|---|---|
| fixed length control field | 00452nam a2200157Ia 4500 |
| 008 - FIXED-LENGTH DATA ELEMENTS--GENERAL INFORMATION | |
| fixed length control field | 130318s9999 xx 000 0 und d |
| 020 ## - INTERNATIONAL STANDARD BOOK NUMBER | |
| International Standard Book Number | 306428628 |
| 082 ## - DEWEY DECIMAL CLASSIFICATION NUMBER | |
| Classification number | 515.252 ORT/I |
| 100 ## - MAIN ENTRY--PERSONAL NAME | |
| Personal name | Ortega, James M |
| 245 ## - TITLE STATEMENT | |
| Title | Introduction to parallel and vector solution of linear systems |
| 260 ## - PUBLICATION, DISTRIBUTION, ETC. | |
| Name of publisher, distributor, etc. | Plenum Press |
| Place of publication, distribution, etc. | New York |
| Date of publication, distribution, etc. | 1988 |
| 300 ## - PHYSICAL DESCRIPTION | |
| Extent | 305 |
| 440 ## - SERIES STATEMENT/ADDED ENTRY--TITLE | |
| Title | Frontiers of Computer Science |
| 650 ## - SUBJECT ADDED ENTRY--TOPICAL TERM | |
| Topical term or geographic name entry element | ELECTRONIC COMPUTERS |
| 650 ## - SUBJECT ADDED ENTRY--TOPICAL TERM | |
| Topical term or geographic name entry element | LINEAR SYSTEMS |
| Withdrawn status | Lost status | Damaged status | Not for loan | Home library | Current library | Shelving location | Date acquired | Cost, normal purchase price | Total Checkouts | Total Renewals | Full call number | Barcode | Date last seen | Date last checked out | Price effective from | Koha item type |
|---|---|---|---|---|---|---|---|---|---|---|---|---|---|---|---|---|
| Kerala University of Digital Sciences, Innovation and Technology Knowledge Centre | Kerala University of Digital Sciences, Innovation and Technology Knowledge Centre | Mathematics | 18/03/2013 | 8117.00 | 5 | 1 | 515.252 ORT/I | 2118 | 30/09/2016 | 03/08/2016 | 18/03/2013 | Books |